000 00574cam a22001457a 4500
008 180718b2011 xxu||||| |||| 00| 0 eng d
082 _aAPPPA 2010-11/ANM
100 _aAnmol Kumar
245 _aAn assessment of management effectiveness evaluation of protected areas in India
_cby Anmol kumar
260 _aNew Delhi
_bIndian Institute of Public Administration
_c2011
300 _a99p.
500 _aAn APPPA M.Phil dissertation, 2010-11 (Guide: Prof. R.K. Barik)
650 _aConservation of natural resources -India
650 _aBiological diversity conservation -India
999 _c502404
_d502404